¿Determinismo o indeterminismo? / (Record no. 121503)

MARC details
000 -LEADER
campo de control de longitud fija 01048nam a2200265 i 4500
001 - NÚMERO DE CONTROL
campo de control 121503
003 - IDENTIFICADOR DE NÚMERO DE CONTROL
campo de control ES-MaACL
005 - FECHA Y HORA DE LA ÚLTIMA TRANSACCIÓN
campo de control 20250814045502.0
007 - CAMPO FIJO DE DESCRIPCIÓN FÍSICA--INFORMACIÓN GENERAL
campo de control de longitud fija t|
008 - DATOS DE LONGITUD FIJA--INFORMACIÓN GENERAL
campo de control de longitud fija 070214s1947 sp |||| | spa d
100 1# - ENTRADA PRINCIPAL--NOMBRE DE PERSONA
Nombre de persona Planck, Max.
9 (RLIN) 92540
245 11 - MENCIÓN DEL TÍTULO
Título ¿Determinismo o indeterminismo? /
Mención de responsabilidad, etc. Max Planck
Resto del título . La idea fundamental de la mecánica ondulatoria / Erwin Schrödinger . La unidad de la imagen cientificonatural del mundo / Werner Heisenberg ; [traducción y nota de Rafael Pérez Delgado].
260 ## - PUBLICACIÓN, DISTRIBUCIÓN, ETC.
Lugar de publicación, distribución, etc. Madrid :
Nombre del editor, distribuidor, etc. Cuatro Pliegos,
Fecha de publicación, distribución, etc. 1947.
300 ## - DESCRIPCIÓN FÍSICA
Extensión 131 p. ;
Dimensiones 18 cm.
650 07 - PUNTO DE ACCESO ADICIONAL DE MATERIA--TÉRMINO DE MATERIA
Término de materia o nombre geográfico como elemento de entrada Mecánica ondulatoria
Fuente del encabezamiento o término embne
9 (RLIN) 14878
650 ## - PUNTO DE ACCESO ADICIONAL DE MATERIA--TÉRMINO DE MATERIA
Término de materia o nombre geográfico como elemento de entrada Ciencia-
Subdivisión general Filosofía.
9 (RLIN) 10950
650 04 - PUNTO DE ACCESO ADICIONAL DE MATERIA--TÉRMINO DE MATERIA
Término de materia o nombre geográfico como elemento de entrada Física-
Subdivisión general Filosofía.
9 (RLIN) 12881
700 1# - ENTRADA AGREGADA--NOMBRE PERSONAL
Nombre de persona Schrodinger, Erwin.
9 (RLIN) 187630
700 1# - ENTRADA AGREGADA--NOMBRE PERSONAL
Nombre de persona Heisenberg, Werner.
9 (RLIN) 62398
700 1# - ENTRADA AGREGADA--NOMBRE PERSONAL
Nombre de persona Pérez Delgado, Rafael.
9 (RLIN) 90829
740 32 - ENTRADA AGREGADA--TÍTULO RELACIONADO/ANALÍTICO NO CONTROLADO
Título relacionado o analítico no controlado La idea fundamental de la mecánica ondulatoria.
740 32 - ENTRADA AGREGADA--TÍTULO RELACIONADO/ANALÍTICO NO CONTROLADO
Título relacionado o analítico no controlado La unidad de la imagen cientificonatural del mundo.
852 ## - LOCALIZACIÓN
Ubicación ES-MaACL
Número de control de estantería B-13501
Holdings
Estatus retirado Estado de pérdida Estado de daño No para préstamo Biblioteca de origen Biblioteca actual Ubicación en estantería Fecha de adquisición Fuente de adquisición Total de préstamos Signatura topográfica completa Código de barras Visto por última vez Precio de reemplazo Tipo de ítem Koha
        Biblioteca del Ateneo de Madrid Biblioteca del Ateneo de Madrid Sala Pardo Bazán 17/01/2008     B-13501 1126626 23/02/2023 23/02/2023 Libro impreso